| 000 | 00904cam a2200301 a 4500 | ||
|---|---|---|---|
| 001 | 15822658 | ||
| 005 | 20180227053415.0 | ||
| 008 | 090717s2011 mau b 000 0 eng d | ||
| 010 | _a 2009932855 | ||
| 020 | _a9780547198286 (pbk.) | ||
| 020 | _a0547198280 (pbk.) | ||
| 035 | _a(OCoLC)ocn432984655 | ||
| 040 |
_aBTCTA _cBTCTA _dUPP _dMIR _dYDXCP _dDLC |
||
| 041 | _aeng | ||
| 042 | _alccopycat | ||
| 043 | _an-us--- | ||
| 080 | _a321 | ||
| 082 | _2321 IKE | ||
| 100 | _a15 | ||
| 101 | _aSHP | ||
| 245 | 0 | 0 |
_aAmerican foreign policy : _cG. John Ikenberry, editor. |
| 504 | _aIncludes bibliographical references. | ||
| 906 |
_a7 _bcbc _ccopycat _d2 _encip _f20 _gy-gencatlg |
||
| 942 |
_2ddc _cBK |
||
| 999 |
_c43571 _d43571 |
||